000 01009cam a2200349 a 4500
001 1843458
003 OSt
005 20210419052401.0
008 811124s1982 nyua b 001 0 eng
010 _a 81019009
020 _a0393015297
040 _aDLC
_cDLC
_dDLC
043 _aaw-----
_ae------
050 0 0 _aDS63.2.E8
_bL48 1982
080 _a94
_bL-63
082 0 0 _a303.4/82
_219
100 1 _aLewis, Bernard,
_d1916-2018.
245 1 4 _aThe Muslim discovery of Europe /
_cby Bernard Lewis.
250 _a1st ed.
260 _aNew York :
_bW.W. Norton,
_cc1982.
300 _a350 p. :
_bill. ;
_c24 cm.
365 _b19.95 usd
504 _aIncludes bibliographical references and index.
650 _2History
651 0 _aMiddle East
_xRelations
_zEurope.
651 0 _aEurope
_xRelations
_zMiddle East.
653 _aისტორია
653 _aშუა აზია
653 _aევროპა
906 _a7
_bcbc
_corignew
_d1
_eocip
_f19
_gy-gencatlg
942 _2udc
_cBK
_e1
999 _c225
_d225